000 01490nam a2200349Ia 4500
999 _c5826
_d5826
003 OSt
005 20200701161750.0
008 191128s2002 sp ad fr 000 0 spa d
020 _a8495348055
040 _aCO-JMCR
_cCO-JMCR
041 1 _aspa
_heng
082 0 4 _a336.001 /
_bS733e
_223
100 1 _aStiglitz, Joseph Eugene,
_d
_eautor
_96394
245 1 3 _aLa economía del sector público /
_cJoseph E. Stiglitz ; traducción de Ma. Esther Rabasco y Luis Toharia
250 _aTercera edición
260 _aBarcelona :
_bAntoni Bosch,
_c2002
300 _axv, 738 páginas :
_bgráficos a blanco y negro ;
_c24 cm.
505 0 _aEl sector público en una economía mixta -- El sector público en Estados Unidos -- La eficiencia del mercado -- Los fallos del mercado -- Eficiencia y equidad -- Teoría del gasto público -- Los bienes públicos y los bienes privados suministrados por el est
534 _pEconimics of the public Sector
546 _aTraducido del inglès
650 1 4 _aSector público
_96395
650 1 4 _aSector público
_zEstados Unidos
_96396
650 1 4 _aSector público
_zEspaña
_96397
650 1 4 _aAdministración pública
_96398
650 1 4 _aSector público
_xestudios comparados
_96399
650 1 4 _aImpuestos
_96400
650 1 4 _aGastos públicos
_xestudios comparados
_96401
650 1 4 _aFinanzas públicas
_96402
700 1 _aRabasco, María Esther,
_etraductora
_96403
700 1 _aToharia, Luís,
_etraductor
_94738
942 _2ddc
_cBK